000 00737nam a2200265Ia 4500
003 OSt
005 20220924120012.0
006 a|||||r|||| 00| 0
007 ta
008 220923b |||||||| |||| 00| 0 urd d
020 _c3.50
024 _a323450
037 _cTextual
040 _aARTS
_cARTS
_burd
041 _2urd
_aurd
082 _aY150S:55, 168J8
100 _aKhan Raja Mehdi Ali Au.
_9180436
245 0 _aMalkaon ke roman
_bduniya ki rangeen mijaz auraten
260 _aDelhi
_bJanta publishers India
_c1958
300 _a192p.
_ccm.
650 _a WOMEN
_928101
650 _aSOCIOLOGY
942 _hY150S:55, 168J8
_cTEXL
_2CC
999 _c400883
_d400883